| 000 | 00489nam a2200181 a 4500 | ||
|---|---|---|---|
| 005 | 20140310183138.0 | ||
| 008 | 020821s19uu xx 00 eng d | ||
| 050 |
_aHD 31 _b.R618 1997 |
||
| 100 | _aRodriguez, Rafael A. | ||
| 245 |
_aFundamentals of management : _btext and Philippine cases / _cRafael A. Rodriguez. |
||
| 250 | _a3rd | ||
| 300 |
_a575 p. : _bill. ; _c22 cm. |
||
| 521 | _aBSBA | ||
| 546 | _aC0334 | ||
| 546 | _aC0164 | ||
| 650 | _aManagement | ||
| 942 |
_cBK _2lcc _kLOC |
||
| 999 |
_c19333 _d19333 |
||